Normal view
MARC view
- 24 HOURS IN THE LIFE OF A MUSLIM
Entry Topical Term
001 - CONTROL NUMBER
- control field: 73464
003 - CONTROL NUMBER IDENTIFIER
- control field: NUST
005 - DATE AND TIME OF LATEST TRANSACTION
- control field: 20210628205024.0
008 - FIXED-LENGTH DATA ELEMENTS
- fixed length control field: 210628|| aca||aabn | a|a d
040 ## - CATALOGING SOURCE
- Original cataloging agency: NUST
- Transcribing agency: NUST
150 ## - HEADING--TOPICAL TERM
- Topical term or geographic name entry element: 24 HOURS IN THE LIFE OF A MUSLIM
670 ## - SOURCE DATA FOUND
- Source citation: Work cat.: (NUST): Harun Yahya, Yahya, Harun 73463, 24 hours in the life of a muslim, 2002
